[Event "Atlanta Altucher op 1st"]
[Site "Atlanta"]
[Date "2025.06.20"]
[Round "1"]
[White "Kesireddy, Saikarunya"]
[Black "Santosh, Saharsh"]
[Result "0-1"]
[WhiteElo "1767"]
[BlackElo "2078"]
[PlyCount "130"]
[EventDate "2025.06.20"]
[EventType "swiss"]
[EventRounds "7"]
[EventCountry "USA"]
[SourceTitle "CB26_2025"]
[SourceDate "2025.06.25"]
[SourceVersion "1"]
[SourceVersionDate "2025.06.25"]
[SourceQuality "1"]

1. Nf3 Nf6 2. c4 e6 3. e3 d5 4. b3 Be7 5. Bb2 0-0 6. Be2 c5 7. 0-0 Nc6 8. d4 dxc4 9. Bxc4 cxd4 10. Nxd4 Bd7 11. Nd2 Rc8 12. N2f3 Qa5 13. Qe2 Rfd8 14. a3 Qh5 15. b4 Nxd4 16. Bxd4 Bd6 17. Bxf6 gxf6 18. Rac1 Kh8 19. g3 e5 20. Nh4 Qxe2 21. Bxe2 Be6 22. e4 a5 23. Nf5 Rxc1 24. Rxc1 axb4 25. Nxd6 Rxd6 26. axb4 Rd4 27. Rb1 Kg7 28. f3 Rd2 29. Kf1 Ba2 30. Rc1 Rd7 31. b5 Be6 32. Rc8 Rd1+ 33. Bxd1 Bxc8 34. Bb3 Kf8 35. Ke2 Ke7 36. Kd3 b6 37. Bd5 Bh3 38. Kc4 Bf1+ 39. Kb4 Bg2 40. f4 exf4 41. gxf4 f5 42. Kc3 fxe4 43. Kd4 f5 44. Bc4 Kd6 45. h4 Bf3 46. Bf1 Bd1 47. Bh3 Bg4 48. Bxg4 fxg4 49. Kxe4 Ke6 50. f5+ Kf6 51. Kf4 g3 52. Kxg3 Kxf5 53. Kf3 h5 54. Ke3 Kg4 55. Ke4 Kxh4 56. Kd5 Kg3 57. Kc6 h4 58. Kxb6 h3 59. Ka7 h2 60. b6 h1Q 61. b7 Qa1+ 62. Kb6 Qb2+ 63. Kc7 Qc3+ 64. Kb6 Qe5 65. b8N Qxb8+ 0-1